000 00278nam a2200109Ia 4500
008 210430s9999 xx 000 0 und d
082 _a810 H968M
100 _aSyed Shujaat Hussain
_91628
245 _aMy Life A memoir
_cSyed Shujaat Hussain
300 _a128
942 _cBK
_2ddc
999 _c565298
_d565298